000 00376nam a2200121Ia 4500
008 220616s9999||||xx |||||||||||||| ||und||
245 0 _aRecent Trends in Communication Networks
546 _aEnglish[eng]
650 _aWAP (wireless) technology
700 _aMitra, Pinaki
856 _uhttps://mts.intechopen.com/storage/books/9219/authors_book/authors_book.pdf
942 _cEB
999 _c21064
_d21064